| 000 | 00528 a2200205 4500 | ||
|---|---|---|---|
| 005 | 20260112153508.0 | ||
| 008 | 260112b |||||||| |||| 00| 0 eng d | ||
| 020 |
_a9781914187124 _c£ 135.00 |
||
| 040 | _aMAIN | ||
| 082 |
_a572.86 _bS58D |
||
| 100 | _aSemwal, K P | ||
| 245 | _aDiscovering genomics: Proteomics and bioinformatics | ||
| 250 | _a | ||
| 260 |
_bRandom Publishing _c2022 _aMiddlesex |
||
| 300 | _aviii, 264 | ||
| 650 | _aBiochemistry | ||
| 650 | _aMolecular Biology | ||
| 650 | _aGenomics | ||
| 942 | _cBK | ||
| 999 |
_c394096 _d394096 |
||